Statistics for Mainland countries with shortest coastline

Click here to take the quiz!

General Stats

  • This quiz has been taken 54 times
    (33 since last reset)
  • The average score is 7 of 10

Answer Stats

Kms Answer % Correct
4.1Monaco
91%
37Democratic Republic of Congo
88%
46.6Slovenia
88%
20Bosnia
84%
80Gambia
84%
66.5Belgium
75%
56Togo
72%
90Lithuania
53%
26Jordan
50%
58Iraq
50%

Score Distribution

Percentile by Number Answered

Percent of People with Each Score

Your Score History

You have not taken this quiz since the last reset